| 000 | 01557nabaa22002297a 4500 | ||
|---|---|---|---|
| 999 |
_c6201 _d6201 |
||
| 003 | OSt | ||
| 005 | 20260125204700.0 | ||
| 008 | 190701b xxu||||| |||| 00| 0 spa d | ||
| 040 | _cPJ | ||
| 100 |
_94200 _aFalbo, Aníbal J. |
||
| 245 | 1 | 0 |
_aDominio público : _bsu inevitable transmigración al derecho ambiental / _cAníbal Falbo, Elisa Sraiber. |
| 300 | _ap. 51-61 | ||
| 500 | _aCita: TR LALEY AR/DOC/2730/2024 | ||
| 505 | _aSumario: I. Los bienes de dominio público son ambiente. De rígido a flexible.— II. Régimen jurídico especial de derecho ambiental que potencia y reescribe el régimen especial de dominio público: Régimen Ambiental de Dominio Público.— III. Vías de relectura y reescritura ambiental del régimen especial del dominio público. El art. 41 de la CN: el proyecto constitucional ambiental.— IV. Vías de relectura y reescritura ambiental del régimen especial del dominio público. Las leyes de presupuestos mínimos de protección ambiental.— V. Vías de relectura y reescritura ambiental del régimen especial del dominio público. Cód. Civ. y Com.— VI. Conclusiones finales. | ||
| 505 | _t¿Te interesa el texto completo? Comunicate al correo: koha@justierradelfuego.gov.ar | ||
| 650 | 0 |
_9211 _aDERECHO ADMINISTRATIVO |
|
| 650 | 0 |
_9178 _aDERECHO CONSTITUCIONAL |
|
| 650 | 0 |
_9872 _aINTERPRETACION CONSTITUCIONAL |
|
| 700 |
_96933 _aSraiber, Elisa |
||
| 773 | 0 |
_02842 _93251 _dBuenos Aires : AbeledoPerrot, 2012- _oDA121 _tDerecho administrativo. Nº 156 noviembre/diciembre 2024 _z18510590 |
|
| 942 |
_2udc _cANA |
||